| 000 | 00546nam a22001817a 4500 | ||
|---|---|---|---|
| 005 | 20231121115011.0 | ||
| 008 | 231121b |||||||| |||| 00| 0 eng d | ||
| 020 | _a0702130124 | ||
| 041 | _aEnglish | ||
| 082 | _a342.8 INT | ||
| 100 | _lEnglish | ||
| 245 |
_aInterpreting a Bill of Rights / _cedited by J Kruger and B Currin |
||
| 250 | _aFirst Edition | ||
| 260 |
_aCape Town : _bJuta and Company Ltd, _c1994 |
||
| 300 |
_bxxvi, 158 pages ; _c26 cm. |
||
| 650 |
_aLegal practice _bLaw |
||
| 942 |
_cBK _6ALISON_BN_VRIES |
||
| 999 |
_c838 _d838 |
||